000 00319nam a2200133Ia 4500
008 230917s9999||||xx |||||||||||||| ||und||
040 _e93053
_aMAIN
041 _aEnglish
082 _a372.3045 P944E
100 _aPromila
245 0 _aEvalution of text book of science of 4th class
300 _a69 p.
942 _cTH
999 _c87170
_d87170